To Direct the Secretary of Health and Human Services To Waive the Application to the D.C. Chartered Health Plan, Inc., of the Requirement Under Title XIX of the Social Security Act.

Bibliographic Details
Corporate Authors: United States. Congress. House. Committee on Energy and Commerce, ProQuest (Firm)
Format: Government Document eBook
Language:English
Published: Washington : [publisher not identified], 1992.
Series:United States congressional serial set.
Subjects:
Online Access:Connect to the full text of this electronic book

MARC

Tag First Indicator Second Indicator Subfields
LEADER 00000cam a22000001a 4500
001 in00002829339
005 20190331174341.0
006 m o d
007 cr bn mmmapmmp
008 110609s1992 dcud o f000 0 eng d
035 |a cis2004629549 
040 |a ProQuest  |c ProQuest  |d UtOrBLW 
043 |a n-us--- 
086 0 |a Y 1.1/8:102-887 
099 |a ProQuest Serial Set Number 14137 H.rp.887 
110 1 |a United States.  |b Congress.  |b House.  |b Committee on Energy and Commerce. 
245 1 0 |a To Direct the Secretary of Health and Human Services To Waive the Application to the D.C. Chartered Health Plan, Inc., of the Requirement Under Title XIX of the Social Security Act. 
264 1 |a Washington :  |b [publisher not identified],  |c 1992. 
300 |a 1 online resource. 
336 |a text  |b txt  |2 rdacontent 
337 |a computer  |b c  |2 rdamedia 
338 |a online resource  |b cr  |2 rdacarrier 
490 0 |a H. Rpt. 102-887 
500 |a Record is based on bibliographic data in ProQuest U.S. Serial Set Digital Collection (last viewed June 2011). Reuse except for individual research requires license from ProQuest, LLC. 
510 3 |a ProQuest U.S. Serial Set Digital Collection 
500 |a Electronic resource. 
610 1 0 |a District of Columbia. 
650 0 |a Public contracts. 
650 0 |a Medicaid. 
655 7 |a Electronic books.  |2 local 
710 2 |a ProQuest (Firm) 
830 0 |a United States congressional serial set. 
856 4 0 |u http://proxy.library.tamu.edu/login?url=http://congressional.proquest.com/congcomp/getdoc?SERIAL-SET-ID=14137+H.rp.887  |z Connect to the full text of this electronic book  |t 0 
999 |a MARS 
999 f f |s bd7bc452-ea78-3783-8238-cca5e0924603  |i 2e0f6719-dae9-3334-9036-60014bd70e5c  |t 0 
952 f f |a Texas A&M University  |b College Station  |c Electronic Resources  |d Available Online  |t 0  |e ProQuest Serial Set Number 14137 H.rp.887  |h Other scheme 
998 f f |a ProQuest Serial Set Number 14137 H.rp.887  |t 0  |l Available Online